All WWE King of the Ring Tournament Entrants - Statistics

General Stats
  • This quiz has been taken 593 times
    573 since last reset
  • The average score is 69 of 190
Answer Stats
Tournaments Entered Years Wrestler % Correct
1 1996 Stone Cold Steve Austin
88%
3 1998, 1997, 1996 Triple H
87%
2 1993, 1991 Bret Hart
85%
3 1998, 1996, 1994 Owen Hart
85%
3 2006, 2001, 2000 Kurt Angle
83%
1 1998 The Rock
83%
3 2002, 2001, 2000 Edge
82%
2 2001, 1999 Kane
81%
2 1995, 1988 Shawn Michaels
81%
2 2015, 2010 Sheamus
80%
2 1995, 1991 The Undertaker
80%
1 2002 Brock Lesnar
78%
3 2002, 2001, 2000 Christian
76%
1 2015 Bad News Barrett
74%
1 1999 Billy Gunn
74%
2 2006, 2002 Booker T
74%
1 1997 Jerry Lawler
74%
3 1999, 1995, 1994 Viscera
73%
1 2006 Randy Orton
72%
2 1988, 1987 Randy Savage
70%
1 1985 Bob Orton Jr.
68%
4 2008, 2006, 2001, 2000 Matt Hardy
68%
2 2001, 2000 Jeff Hardy
67%
2 2008, 2002 William Regal
67%
5 2002, 2000, 1999, 1998, 1994 X-Pac
67%
3 2008, 2002, 2000 Chris Jericho
66%
3 2010, 2001, 1999 The Big Show
65%
1 2019 The Miz
65%
2 2000, 1999 The Big Boss Man
64%
1 2006 Chris Benoit
63%
1 2000 Chris Benoit
63%
1 2015 Cody Rhodes
63%
1 1997 Mankind
63%
2 1991, 1988 Ted DiBiase
63%
1 2010 Ted DiBiase
63%
1 2010 Rey Mysterio
61%
1 2002 Rob Van Dam
61%
1 2008 CM Punk
60%
2 2002, 2000 Eddie Guerrero
60%
1 1996 Jake Roberts
60%
1 2019 Baron Corbin
59%
2 2000, 1996 Bradshaw
59%
1 2015 Dolph Ziggler
59%
3 2000, 1999, 1995 Road Dogg
59%
1 1989 Bill Woods
58%
1 2010 Kofi Kingston
58%
3 1995, 1994, 1993 Razor Ramon
58%
2 2006, 1998 Mark Henry
57%
1 2000 Rikishi
56%
1 2000 Shane McMahon
56%
2 1999, 1998 Ken Shamrock
55%
4 2002, 2001, 2000, 1999 Test
54%
3 2002, 1997, 1996 Goldust
53%
2 1996, 1995 Yokozuna
53%
2 2002, 2000 Bubba Ray Dudley
51%
2 2001, 2000 Crash Holly
50%
1 2015 Dean Ambrose
50%
1 2000 D-Von Dudley
50%
7 2002, 2001, 2000, 1999, 1996, 1995, 1994 Hardcore Holly
50%
5 2000, 1999, 1998, 1995, 1993 The Godfather
50%
1 1996 The Ultimate Warrior
50%
1 2006 Bobby Lashley
48%
1 2010 John Morrison
48%
1 1993 Mr. Perfect
48%
1 1986 Harley Race
46%
4 1999, 1998, 1995, 1994 Jeff Jarrett
46%
2 2000, 1998 Faarooq
45%
2 1994, 1993 Bam Bam Bigelow
44%
1 2010 Daniel Bryan
44%
2 1993, 1991 Hacksaw Jim Duggan
44%
3 1995, 1994, 1993 Lex Luger
44%
3 1987, 1986, 1985 The Junkyard Dog
44%
2 2000, 1998 D'Lo Brown
43%
2 2008, 2006 Finlay
43%
1 2019 Cesaro
42%
3 1997, 1996, 1994 Savio Vega
42%
1 2019 Shelton Benjamin
42%
1 2010 Alberto Del Rio
41%
2 2000, 1999 Chyna
41%
1 2019 Kevin Owens
41%
4 1993, 1989, 1987, 1985 Tito Santana
41%
3 2002, 2000, 1999 Val Venis
41%
2 2019, 2010 Drew McIntyre
39%
2 1989, 1988 Bad News Brown
38%
2 2010, 2008 MVP
38%
1 1986 Roddy Piper
38%
2 1998, 1996 Vader
38%
1 2019 Sami Zayn
37%
1 2015 Neville
36%
1 2000 Albert
35%
1 2010 Jack Swagger
35%
1 1989 Jim Neidhart
35%
2 2015, 2010 R-Truth
35%
2 1989, 1987 Haku
34%
1 1991 Hawk
34%
2 1997, 1996 Ahmed Johnson
33%
2 1986, 1985 Don Muraco
33%
1 2001 Rhyno
33%
1 1991 Animal
32%
1 2019 Chad Gable
32%
2 1994, 1991 Irwin R. Schyster
32%
2 2001, 2000 Perry Saturn
32%
2 1991, 1985 Ricky Steamboat
32%
1 2008 The Great Khali
32%
2 2000, 1999 Al Snow
31%
2 1989, 1987 Rick Martel
31%
1 1991 Sid Justice
31%
2 1994, 1993 Tatanka
31%
1 2000 Dean Malenko
30%
1 2015 Luke Harper
30%
2 1997, 1994 Crush
29%
1 2019 Ricochet
29%
2 1998, 1996 Marc Mero
28%
3 2001, 2000, 1998 Steve Blackman
28%
2 1995, 1987 King Kong Bundy
27%
2 1996, 1988 Marty Jannetty
27%
1 1993 Bob Backlund
25%
1 1985 Greg Valentine
25%
1 1989 Jimmy Snuka
25%
1 2000 Scotty 2 Hotty
25%
1 2001 Raven
22%
1 1994 Scott Steiner
22%
1 2001 Tazz
22%
3 1989, 1988, 1987 Brutus Beefcake
21%
1 2010 Ezekiel Jackson
21%
1 2000 Grandmaster Sexay
21%
2 1989, 1987 Akeem
20%
1 2019 Samoa Joe
20%
1 2002 The Hurricane
20%
1 2000 Bull Buchanan
19%
2 1998, 1985 Terry Funk
19%
1 2010 Tyson Kidd
19%
2 1989, 1988 Hercules
18%
2 2002, 2001 Tajiri
18%
2 1991, 1989 The Warlord
18%
1 2019 Andrade
17%
1 1998 Dan Severn
17%
2 1986, 1985 Paul Orndorff
17%
1 2019 Mustafa Ali
16%
2 1986, 1985 The Iron Sheik
16%
1 2019 Elias
15%
1 1996 Henry O. Godwinn
15%
1 2008 Hornswoggle
15%
2 1986, 1985 Pedro Morales
15%
2 1989, 1988 The Barbarian
15%
2 1991, 1988 Virgil
15%
4 1989, 1988, 1987, 1986 Nikolai Volkoff
14%
1 2019 Cedric Alexander
13%
1 1999 Droz
13%
1 1993 Typhoon
13%
2 1995, 1994 Adam Bomb
12%
1 2010 Alex Riley
12%
1 2019 Apollo Crews
12%
1 1993 Mr. Hughes
12%
1 1991 Brian Knobbs
11%
1 1989 Bushwhacker Luke
11%
1 1991 Jerry Sags
11%
1 1989 Bushwhacker Butch
10%
1 1993 Kamala
10%
1 1985 B. Brian Blair
9%
2 1987, 1985 Jim Brunzell
9%
1 1991 Skinner
9%
1 2019 Buddy Murphy
8%
3 1995, 1994, 1993 Doink the Clown
8%
1 1986 George Steele
8%
1 1988 Ken Patera
8%
2 1988, 1987 Ron Bass
8%
2 1988, 1987 Dangerous Danny Davis
7%
1 1995 Duke Droese
7%
2 1989, 1988 The Red Rooster
7%
1 1995 Jacob Blu
6%
1 1996 Skip
6%
1 1987 Special Delivery Jones
6%
1 1991 The Berzerker
6%
1 1988 Boris Zhukov
5%
1 1993 Giant Gonzales
5%
1 1995 Mantaur
4%
1 1987 Sika
4%
1 1986 Billy Jack Haynes
3%
1 1987 Tama
3%
2 1987, 1986 Dan Spivey
2%
1 1991 Pete Doherty
2%
1 1985 Steve Lombardi
2%
1 1985 Johnny V
1%
1 1985 Les Thornton
1%
1 1988 Mike Sharpe
1%
1 1994 Pierre Ouellet
1%
1 1986 Rudy Diamond
1%
1 1998 Scorpio
1%
1 1985 The Spoiler
1%
No matching quizzes found
Score Distribution
Percent of People with Each Score
Percentile by Number Answered
Your Score History
You have not taken this quiz since the last reset